| 000 | 00924cam a2200277 4500 | ||
|---|---|---|---|
| 008 | 090401t1991 xxu||||| |||| 00| 0 eng d | ||
| 020 | _a0851254721 | ||
| 035 | _a(Sirsi) u27458 | ||
| 041 | _aeng | ||
| 050 | _a693.97 | ||
| 100 | _aWilliams, A.W. | ||
| 245 | 4 | _aThe renovation of no-fines housing: a guide to the performance and rehabilitation of loadbearing no-fines concrete dwellings built using the Wimpey and Scottish Housing Association systems. | |
| 260 |
_aGarston, Watford _bBuilding Research Establishment _c1991 |
||
| 300 | _avi,137p. : ill. ; 30cm. | ||
| 350 | _a36.67 | ||
| 490 |
_aBRE Report _v191 |
||
| 490 |
_aBRE Building Renewal _v191 |
||
| 650 | _aBUILDING DEFECTS | ||
| 650 | _aNO-FINES HOUSING | ||
| 650 | _aPREFABRICATION | ||
| 690 | _aBUILT ENVIRONMENT-BUILDING PATHOLOGY | ||
| 700 | _aWard, G.C. | ||
| 710 | _aBuilding Research Establishment | ||
| 942 | _n0 | ||
| 948 | _c04/03/1997 | ||
| 999 |
_c89117 _d89117 |
||